Bilecik Bilecik Bilecik Bilecik Bilecik

Akif Bey/ (Record no. 5459)

MARC details
000 -BAŞLIK
Sabit Uzunluktaki Kontrol Alanı 00975nam a22003257a 4500
001 - KONTROL NUMARASI
Control Dosyası 0005478
003 - KONTROL NUMARASI KİMLİĞİ
Kontrol Alanı KOHA_MİRAKIL
005 - EN SON İŞLEM TARİHİ ve ZAMANI
Kontrol Alanı 20260207001446.0
007 - FİZİKSEL TANIM SABİT ALAN - GENEL BİLGİ
Sabit uzunluklu kontrol alanı ta
008 - SABİT UZUNLUKTAKİ VERİ ÖGELERİ - GENEL BİLGİ
Sabit Alan 090528b1988 tu |||gr||||#0|||d|tur |
020 ## - ISBN - ULUSLARARASI STANDART KİTAP NUMARASI
Isbn 9751702437
Kullanılabilirlik koşulları 0,01
040 ## - KATALOGLAMA KAYNAĞI
Özgün Kataloglama Kurumu TR-BiSEU
Kataloglama Dili tur
Çeviri Kurumu TR-BiSEU
Açıklama Kuralları rda
041 0# - DİL KODU
Metin ya da ses kaydının dil kodu tur
044 ## - YAYINLAYAN/ÜRETEN KURULUŞUN ÜLKE KODU
ISO country code tu
050 ## - SINIFLAMA ve YER NUMARASI
Sınıflama Numarası PL237.N36
Yer Numarası A35 1988
100 0# - KİŞİ ADI
Yazar Adı (Kişi adı) Namık Kemal.
245 1# - ESER ADI BİLDİRİMİ
Başlık Akif Bey/
Sorumluluk Bildirimi Namık Kemal ; Namık Kemal; hazırlayan R. N. Güntekin.
246 ## - DEĞİŞİK BAŞLIK FORMU
Başlık uygun / kısa başlık Akif Bey : (drama-5 perde)
264 #1 - ÜRERİM, YAYIN, DAĞITIM ve TELİF BİLDİRİMİ
Yayın yeri Ankara :
Yayınlayan Ankara Kültür ve Turizm Bak.
Yayın tarihi 1988
300 ## - FİZİKSEL TANIMLAMA
Sayfa, Cilt vb. 108 sayfa ;
Boyutları 21 cm.
336 ## - İÇERİK TÜRÜ
Content type term metin
Content type code txt
Source rdacontent
337 ## - MEDYA TÜRÜ
Media type term aracısız
Media type code n
Source rdamedia
338 ## - TAŞIYICI TÜRÜ
Carrier type term cilt
Carrier type code nc
Source rdacarrier
490 0# - DİZİ BİLDİRİMİ
Dizi Bildirimi Kültür ve Turizm Bakanlığı,No : 998.
650 #0 - KONU BAŞLIĞI EK GİRİŞ - KONU TERİMİ
Konusal terim veya coğrafi ad Türk draması.
9 (RLIN) 8531
650 #0 - KONU BAŞLIĞI EK GİRİŞ - KONU TERİMİ
Konusal terim veya coğrafi ad Turkish drama.
9 (RLIN) 8532
830 0# - SERİ EK GİRİŞİ - TEKBİÇİM ESER ADI
Tekbiçim Başlık Kültür ve Turizm Bakanlığı,No : 998.
9 (RLIN) 13232
907 ## - LOCAL DATA ELEMENT G, LDG (RLIN)
a Tiyatro
942 ## - EK GİRİŞ ÖGELERİ (KOHA)
Source of classification or shelving scheme Library of Congress Classification
Koha item type Book
Holdings
Materyal Türü Kalıcı Konum Mevcut Konum Raf Yeri Sınıflandırma Kaynağı Edinim Bilgisi Ana Konular Alt Konular Yer Numarası Demirbaş Numarası Fatura Tarihi Geri Çekilme Durumu Kayıp Durumu Hasarlı Durumu Kredi için değil Kayıt Tarih Toplam Ödünçverme Son Görülme Tarihi Son Kontrol Tarihi Genel / Bağış Notu
Book Prof. Dr. Azmi Özcan Kütüphanesi Prof. Dr. Azmi Özcan Kütüphanesi Birûni Salonu Library of Congress Classification Bağış DİL VE EDEBİYAT Doğu Asya, Afrika, Okyanusya Dilleri ve Edebiyatları PL237.N36 A35 1988 0005478 13/08/2010         28/05/2009 4 05/12/2024 05/12/2024 Genel Bağış